| 000 | 00750nam a2200193Ia 4500 | ||
|---|---|---|---|
| 008 | 0000001991 ck a 0000000000spa00 | ||
| 090 | _aPSP00 T67f | ||
| 100 | 1 | _aTorner, Francina | |
| 245 | 1 | 0 | _aFrancina Torner |
| 300 |
_a[8] p. _c/ 23 cm. |
||
| 500 | _aExposición realizada en Galería Villa D'Arte, Barranquilla, Noviembre 7, 1991 \ Con el patronazgo del maestro venezolano Jesús Rafael Soto (q.e.p.d.) \ Registro auspiciado por el IDCT. Bogotá | ||
| 600 | 0 | 0 |
_aTORNER, FRANCINA./ _xTRABAJOS PICTORICOS |
| 650 | 1 | 4 | _aARTE CONTEMPORANEO ESPAÑOL |
| 650 | 1 | 4 | _xCATALOGOS |
| 650 | 1 | 4 | _xEXPOSICIONES |
| 650 | 1 | 4 | _aPINTORES ESPAÑOLES |
| 650 | 1 | 4 | _aPINTURA ESPAÑOLA |
| 999 |
_c3861 _d3861 |
||
| 260 |
_aBarranquilla : Galería Villa D ́Arte _c1991 |
||